000 004760000a22001930004500
999 _c47854
_d47854
001 650
003 CO-MdFUSB
005 20181101171705.0
008 181101b xxu||||| |||| 00| 0 eng d
020 _a0-590-30070-9
040 _cCO-MdBIC
082 0 4 _a813C B73n
100 1 _aBrandenberg, Franz
245 1 0 _aNice new neighbors / Franz Brandernberg, il. : Aliki
260 _aNew York : Scholastic
300 _a62 p.
650 1 4 _aLIteratura Infantil
942 _cLGB